| Tag |
First Indicator |
Second Indicator |
Subfields |
| LEADER |
00000cam a22000008a 4500 |
| 001 |
in00001234908 |
| 005 |
20151003060911.0 |
| 008 |
931220s1995 ctua b 001 0 eng |
| 010 |
|
|
|a 93050069
|
| 020 |
|
|
|a 0275948978 (alk. paper)
|
| 020 |
|
|
|a 0275952371 (pbk.)
|
| 035 |
|
|
|a (OCoLC)29636656
|
| 035 |
|
|
|9 AGS2866AM
|
| 040 |
|
|
|a DLC
|c DLC
|d IAY
|d UtOrBLW
|
| 049 |
|
|
|a TXAM
|
| 050 |
0 |
0 |
|a D16.17
|b .D37 1995
|
| 082 |
0 |
0 |
|a 907/.2
|2 20
|
| 100 |
1 |
|
|a Darcy, R.
|q (Robert)
|
| 245 |
1 |
2 |
|a A guide to quantitative history /
|c R. Darcy and Richard C. Rohrs.
|
| 263 |
|
|
|a 9502
|
| 264 |
|
1 |
|a Westport, Conn. :
|b Praeger,
|c 1995.
|
| 300 |
|
|
|a viii, 323 pages :
|b illustrations ;
|c 25 cm.
|
| 336 |
|
|
|a text
|b txt
|2 rdacontent
|
| 337 |
|
|
|a unmediated
|b n
|2 rdamedia
|
| 338 |
|
|
|a volume
|b nc
|2 rdacarrier
|
| 504 |
|
|
|a Includes bibliographical references (pages [305]-313) and index.
|
| 650 |
|
0 |
|a History
|x Statistical methods.
|
| 700 |
1 |
|
|a Rohrs, Richard C.
|
| 999 |
|
|
|a MARS
|
| 999 |
f |
f |
|s 06c905c8-0ff2-3118-a401-f8064bcd8453
|i b9d17994-cb82-334c-8fd5-30c048482094
|t 0
|
| 952 |
f |
f |
|p normal
|a Texas A&M University
|b College Station
|c Sterling C. Evans Library
|d Evans: Library Stacks
|t 0
|e D16.17 .D37 1995
|h Library of Congress classification
|i unmediated -- volume
|m A14819377233
|
| 998 |
f |
f |
|a D16.17 .D37 1995
|t 0
|l Evans: Library Stacks
|